00723pam a2200229 a 45000010008000000030006000080050017000140080041000310100017000720200022000890400018001110500022001290820017001512450104001682600050002723000029003224400028003515040054003796500023004336500020004567000017004764904956GBCCL20241126110415.0940225s1994 miua b 000 0 eng  a 94006932  a0825440688 (pbk.) aDLCcDLCdDLC00aBV4011b.V55 199400a253220bVIT00aVital ministry issues :bexamining concerns & conflicts in ministry /cRoy B. Zuck, general editor. aGrand Rapids, MI :bKregel Resources,cc1994. a280 p. :bill. ;c22 cm. 4aThe vital issues series aIncludes bibliographical references (p. 241-280). 0aPastoral theology. 0aClergyxOffice.1 aZuck, Roy B.